MARC
| LEADER | 00000nam a2200000Ia 4500 | ||
|---|---|---|---|
| 008 | 170316s9999 xx 000 0 und d | ||
| 040 | |a cru BVZT | ||
| 090 | |a 840 F-5s | ||
| 100 | |a Flaubert, Gustave | ||
| 245 | |a Salammbó | ||
| 260 | |a París, Francia | ||
| 260 | |b Larousse | ||
| 260 | |c 1950 | ||
| 300 | |a 83 páginas | ||
| 650 | |a LITERATURA FRANCESA | ||
| 999 | |c 7682 |d 7682 | ||
| 942 | |c 15 D |h 840 F-5s |2 z | ||
